00571nam a2200145Ia 4500008004100000024005200041082001700093100006900110245003600179260002500215600002700240650003300267952010800300999001700408250506s9999 xx 000 0 und d a12B-15-EL, 12B-16-EL, 12B-18-EL & 12B-26-EL a667.2072 MOH aMohammad Salman Khan, Shehbaz Tariq, Hassan Ali & Syed Usama Ali 0aAutomatic Road Cleaning Vehicle aKarachi:bUIT,c2012 aElectrical Engineering aBachelor of Engineering (BE) 001040708PR-EEaUITUbUITUd2022-07-26l0o667.2072 MOHpEE-351r2025-05-06 11:34:16w2025-05-06yPR c28100d28100